000 00639cam a22001931 4500
001 sa 64006531
003 DLC
005 20260227112040.0
008 890403q io 000 0 ind
010 _asa 64006531
035 _a(OCoLC)23569303
040 _aDLC
_cMiU
_dDLC
042 _apremarc
050 0 0 _aDS644
_b.2 1959.S9
100 0 _aSoekarno,
_d1901-1970.
245 1 0 _aPidato Presiden Soekarno pada pembukaan djurusan Publisistik Fakultas Hukum dan Pengetahuan Masjarakat Universitas Indonesia di Djakarta, tanggal 12 Desember 1959.
260 _a[Djakarta]
_bDepartemen Penerangan
_c[cover 1959]
300 _a18 p.
_c22 cm.
999 _c59755
_d59755